[Event "KOCM Rook"]
[Site "www.chess-mail.com"]
[Date "2024.07.21"]
[Round "1"]
[White "Gandalf50"]
[Black "Jajka68"]
[WhiteElo "2680"]
[BlackElo "2630"]
[Result "1/2-1/2"]
[Round "1"]
1.c4 e5
2.Ng1f3 Nb8c6
3.d4 e4
4.d5 exf3
5.dxc6 fxg2
6.cxd7 Qd8xd7
7.Qd1xd7 Bc8xd7
8.Bf1xg2 O-O-O
9.Bc1e3 Bf8b4
10.Nb1c3 Ng8e7
11.O-O-O Bb4xc3
12.bxc3 Rh8e8
13.Rd1d2 Bd7e6
14.Rd2xd8 Re8xd8
15.Be3xa7 Be6xc4
16.Ba7d4 g6
17.Bg2h3 f5
18.e4 Bc4xa2
19.Bd4f6 Rd8d3
20.Bh3f1 Rd3d7
21.Bf1h3 Rd7d3

1/2-1/2

[Event "Tourn. n10975"]
[Site "www.chess-mail.com"]
[Date "2024.07.21"]
[Round "1"]
[White "Picifarkinca"]
[Black "Pariolinius"]
[WhiteElo "1670"]
[BlackElo "1760"]
[Result "0-1"]
[Round "1"]
1.e4 e5
2.f4 d5
3.exd5 e4
4.d3 Ng8f6
5.Nb1d2 exd3
6.Bf1xd3 Qd8xd5
7.Qd1f3 Qd5e6
8.Ng1e2 Bf8d6
9.O-O O-O
10.Nd2e4 Nf6xe4
11.Bd3xe4 Nb8c6
12.Bc1e3 Bc8d7
13.Ne2d4 Nc6xd4
14.Be3xd4 c6
15.Ra1e1 Qe6g4
16.Qf3d3 g6
17.Bd4xa7 Bd6xf4
18.Ba7c5 Rf8e8
19.Bc5a3 Ra8d8
20.Qd3f3 Qg4xf3
21.Be4xf3 Re8xe1
22.Rf1xe1 Bd7e6
23.Ba3e7 Rd8d2
24.Re1d1 Rd2xc2
25.Be7f6 Rc2c1
26.b3 Rc1xd1
27.Bf3xd1 Kf8
28.g3 Bf4e3
29.Kg2 Be6d5
30.Bd1f3 Bd5xf3
31.Kxf3 Be3b6
32.h3 Ke8
33.Ke4 Kd7
34.g4 Ke6
35.Bf6c3 Bb6c7
36.Bc3d4 b6
37.Bd4b2 f6
38.Bb2d4 c5
39.Bd4c3 Bc7e5

0-1

[Event "Jerome 1st tourney"]
[Site "www.echecsemail.com"]
[Date "2024.07.21"]
[Round "1"]
[White "George1955"]
[Black "D4minance"]
[WhiteElo "2680"]
[BlackElo "2660"]
[Result "1/2-1/2"]
[Round "1"]
1.e4 c5
2.Ng1f3 e6
3.d4 cxd4
4.Nf3xd4 a6
5.Bf1d3 Bf8c5
6.Nd4b3 Bc5a7
7.O-O Ng8e7
8.c4 O-O
9.Nb1c3 Nb8c6
10.Qd1e2 d5
11.exd5 exd5
12.Bc1g5 dxc4
13.Bd3xc4 Qd8c7
14.Bg5e3 Ba7b8
15.f4 b5
16.Bc4d3 h6
17.Bd3e4 Bc8f5
18.Be4f3 Bb8a7
19.Be3xa7 Ra8xa7
20.Qe2f2 Rf8d8
21.Ra1d1 Rd8xd1
22.Rf1xd1 Qc7xf4
23.g3 Qf4g5
24.Bf3xc6 Ne7xc6
25.Nb3a5 Ra7c7
26.Qf2b6 Nc6e5
27.Qb6xc7 Qg5e3
28.Kg2 Qe3f3

1/2-1/2

[Event "Match"]
[Site "www.echecsemail.com"]
[Date "2024.07.21"]
[Round "1"]
[White "Tonino1"]
[Black "Classclown"]
[WhiteElo "2070"]
[BlackElo "2280"]
[Result "0-1"]
[Round "1"]
1.d4 c5
2.d5 Ng8f6
3.c4 b5
4.b3 b4
5.Bc1b2 d6
6.Nb1d2 e5
7.e4 Bf8e7
8.g3 Nb8d7
9.Bf1h3 O-O
10.Ng1e2 h5
11.O-O a5
12.f4 a4
13.Bh3xd7 Nf6xd7
14.fxe5 Nd7xe5
15.Ne2f4 Ne5g4
16.Qd1e2 a3
17.Bb2c1 h4
18.h3 Ng4e3
19.Qe2xe3 Be7f6
20.Nd2f3 Bf6xa1
21.Bc1xa3 Ba1e5
22.Ba3c1 Be5c3
23.gxh4 Ra8xa2
24.Kh1 Bc8d7
25.Nf4h5 Kh8
26.Nf3g5 Qd8e8
27.Qe3f3 f6
28.Nh5xg7 Kxg7
29.Rf1g1 Rf8g8
30.Ng5e6 Kh8
31.Qf3f4 Rg8g6
32.h5 Bc3e5
33.Qf4h4 Rg6xg1
34.Kxg1 Ra2a1
35.Qh4e1 Qe8xh5
36.Kg2 f5
37.Qe1d2 Ra1xc1
38.Qd2xc1 Qh5e2
39.Kg1 Qe2h2
40.Kf1 Qh2h1

0-1

[Event "Match"]
[Site "www.echecsemail.com"]
[Date "2024.07.21"]
[Round "1"]
[White "Seger"]
[Black "Mayhemus"]
[WhiteElo "2500"]
[BlackElo "1910"]
[Result "1-0"]
[Round "1"]
1.d4 d6
2.e4 c6
3.Ng1f3 Qd8c7
4.c4 e5
5.Nb1c3 h6
6.Bc1e3 Bf8e7
7.h3 Nb8d7
8.Bf1d3 Nd7f8
9.O-O Nf8g6
10.c5 dxc5
11.dxe5 Ng6xe5
12.Nf3xe5 Qc7xe5
13.f4 Qe5c7
14.e5 Bc8e6
15.Qd1e2 Qc7c8
16.f5 Be6d5
17.Ra1d1 Qc8c7
18.Nc3xd5 cxd5
19.Bd3b5 Kf8
20.Rd1xd5 b6
21.Rf1d1 Qc7c8
22.Qe2f3 
1-0

[Event "Match"]
[Site "www.echecsemail.com"]
[Date "2024.07.21"]
[Round "1"]
[White "Nightrider"]
[Black "Mayhemus"]
[WhiteElo "1710"]
[BlackElo "1910"]
[Result "0-1"]
[Round "1"]
1.Ng1f3 d6
2.d4 c6
3.e4 Qd8c7
4.Nb1c3 e5
5.Bf1c4 h6
6.dxe5 dxe5
7.Bc1e3 Ng8e7
8.Bc4b3 Ne7g6
9.Bb3c4 Nb8d7
10.Bc4b3 Nd7f6
11.h3 Bc8d7
12.Be3d2 Qc7c8
13.Bd2e3 Bf8e7
14.a3 b6
15.Be3d2 Bd7e6
16.Bb3xe6 Qc8xe6
17.Bd2e3 O-O
18.O-O Rf8d8
19.Qd1e2 Rd8d7
20.Rf1d1 Ra8d8
21.Rd1xd7 Rd8xd7
22.Ra1d1 Rd7d6
23.Rd1xd6 Qe6xd6
24.Qe2d2 Qd6xd2
25.Nf3xd2 Kf8
26.Kf1 Ke8
27.Ke2 Kd7
28.Nd2f3 Be7d6
29.Kf1 Kc7
30.Nf3d2 Kd7
31.Ke2 Ke6
32.Nd2f3 Kd7
33.Nf3d2 Bd6c7
34.Nd2f3 Ke6
35.Nf3d2 Ng6e7
36.Nd2f3 Ne7c8
37.Nf3d2 Nc8d6
38.f3 h5
39.Be3g1 g6
40.Bg1h2 b5
41.Bh2g1 a6
42.Nd2b3 Nd6c4
43.Nc3d1 Nf6d7
44.Nb3c5 Nd7xc5
45.Bg1xc5 a5
46.b3 Bc7d6
47.Bc5xd6 Nc4xd6
48.Nd1e3 Nd6b7
49.b4 a4
50.c4 Nb7d6
51.c5 Nd6e8
52.Kd3 Ne8c7
53.Kc3 Ke7
54.Kd3 Nc7e6
55.Kd2 Ne6f4
56.Kc2 Kf6
57.Kd2 Kg5
58.Ke1 Kf6
59.Kd2 Kg5
60.Ke1 Kh4
61.Kf2 Nf4d3
62.Ke2 Nd3f4
63.Kf2 Kg5
64.Kf1 Nf4e6
65.Ne3c2 Kh4
66.Kf2 Ne6g5
67.Nc2e3 Ng5e6
68.Ne3c2 f5
69.exf5 gxf5
70.Nc2e3 Ne6d4
71.Ne3d1 Nd4c2
72.Nd1e3 Nc2xa3
73.Ne3xf5 Kg5

0-1

[Event "Tourn. n10912"]
[Site "www.chess-mail.com"]
[Date "2024.07.22"]
[Round "1"]
[White "Claudiaz"]
[Black "Ronmacleod"]
[WhiteElo "2060"]
[BlackElo "1220"]
[Result "1-0"]
[Round "1"]
1.d4 d5
2.c4 Ng8f6
3.cxd5 Qd8xd5
4.Nb1c3 Qd5a5
5.Ng1f3 Qa5b4
6.a3 Qb4c4
7.e4 Nb8d7
8.Bf1xc4 e6
9.O-O c5
10.e5 Nf6g4
11.h3 Ng4h6
12.Bc1xh6 gxh6
13.Nc3b5 Kd8
14.Nb5d6 Bf8xd6
15.exd6  { time }
1-0

[Event "Match"]
[Site "www.echecsemail.com"]
[Date "2024.07.22"]
[Round "1"]
[White "Nightrider"]
[Black "Ronmacleod"]
[WhiteElo "1680"]
[BlackElo "1210"]
[Result "1-0"]
[Round "1"]
1.e4 e5
2.Ng1f3 f6
3.d4 d6
4.Bf1c4 Ng8e7
5.Nb1c3 c6
6.dxe5 fxe5
7.Bc1d2 b5
8.Bc4b3 Nb8d7
9.Nf3g5 b4
10.Nc3e2  { time }
1-0

[Event "KOCM Bishop"]
[Site "www.chess-mail.com"]
[Date "2024.07.23"]
[Round "1"]
[White "Tigris"]
[Black "Madz123456"]
[WhiteElo "2280"]
[BlackElo "2250"]
[Result "1/2-1/2"]
[Round "1"]
1.e4 e5
2.Ng1f3 Nb8c6
3.Bf1b5 a6
4.Bb5a4 Ng8f6
5.O-O b5
6.Ba4b3 Bf8e7
7.Rf1e1 O-O
8.a4 Bc8b7
9.d3 d6
10.Nb1d2 Nc6a5
11.Bb3a2 
1/2-1/2

[Event "Match"]
[Site "www.echecsemail.com"]
[Date "2024.07.24"]
[Round "1"]
[White "Llord"]
[Black "Waterman"]
[WhiteElo "1650"]
[BlackElo "1520"]
[Result "0-1"]
[Round "1"]
1.e4 d6
2.d4 Ng8f6
3.Nb1c3 g6
4.Bc1g5 c6
5.e5 dxe5
6.dxe5 Qd8xd1
7.Ra1xd1 Nf6d7
8.f4 h6
9.Bg5h4 g5
10.fxg5 hxg5
11.Bh4xg5 Nd7xe5
12.Bg5f4 Ne5g4
13.Bf4c7 Nb8d7
14.Ng1f3 Ng4e3
15.Rd1d3 Ne3xc2
16.Kd2 Nc2b4
17.Rd3d4 Nb4a6
18.Bc7a5 b6
19.Bf1xa6 Bc8xa6
20.Ba5xb6 c5
21.Bb6xc5 Bf8h6
22.Kc2 Nd7xc5
23.Nf3e5 Bh6g7
24.Rh1e1 Rh8xh2
25.Rd4d2 Bg7f6
26.Ne5g4 Ba6d3
27.Kc1 Bf6xc3
28.Ng4xh2 Bc3xd2
29.Kxd2 Ra8d8
30.Kc1 Bd3e4
31.Nh2g4 Nc5d3

0-1

[Event "Tourn. n10974"]
[Site "www.chess-mail.com"]
[Date "2024.07.24"]
[Round "1"]
[White "Chessdna"]
[Black "Fstiburcio"]
[WhiteElo "1600"]
[BlackElo "1610"]
[Result "0-1"]
[Round "1"]
1.e4 d5
2.e5 Nb8c6
3.f4 e6
4.Ng1f3 Bf8b4
5.c3 Bb4c5
6.d4 Bc5e7
7.Bf1e2 Ng8h6
8.O-O O-O
9.h3 a6
10.Be2d3 f5
11.b4 b5
 { time }
0-1

[Event "Match"]
[Site "www.echecsemail.com"]
[Date "2024.07.24"]
[Round "1"]
[White "Chessdna"]
[Black "Nightrider"]
[WhiteElo "1580"]
[BlackElo "1690"]
[Result "0-1"]
[Round "1"]
1.e4 e5
2.Ng1f3 Nb8c6
3.Bf1e2 Ng8f6
4.d4 Nf6xe4
5.dxe5 Ne4c5
6.Be2c4 d6
7.Nf3g5 Nc6xe5
8.f4 Ne5xc4
9.Ng5xf7 Qd8e7
 { time }
0-1

[Event "KOCM Bishop"]
[Site "www.chess-mail.com"]
[Date "2024.07.24"]
[Round "1"]
[White "Hennie4820"]
[Black "Madz123456"]
[WhiteElo "1820"]
[BlackElo "2160"]
[Result "0-1"]
[Round "1"]
1.e4 c5
2.Ng1f3 d6
3.d4 cxd4
4.Nf3xd4 Ng8f6
5.Nb1c3 g6
6.f4 Nb8d7
7.Bf1e2 Bf8g7
8.O-O O-O
9.Bc1e3 a6
10.Qd1e1 Qd8c7
11.Ra1c1 Rf8e8
12.Be2f3 e5
13.fxe5 Nd7xe5
14.Be3g5 Qc7c5
15.Bg5e3 Ne5g4
16.Kh1 Ng4xe3
17.Qe1xe3 d5
18.e5 Nf6e4
19.Bf3xe4 dxe4
20.Qe3xe4 f5
21.Qe4e3 Re8xe5
22.Qe3d3 b5
23.Nd4f3 Re5e6
24.Qd3d8 Bg7f8
25.Nf3g5 Re6d6
26.Qd8e8 Qc5c4
27.b3 Qc4c7
28.Rc1d1 Bc8b7
29.Qe8e2 Ra8d8
30.Ng5e6 Bb7xg2
31.Kxg2 Qc7c6
32.Kg1 Rd6xe6
33.Qe2f3 Qc6xf3
34.Rf1xf3 Rd8xd1
35.Nc3xd1 Re6e1
36.Rf3f1 Bf8c5
37.Kg2 Re1e2

0-1

[Event "Tourn. n10963"]
[Site "www.chess-mail.com"]
[Date "2024.07.24"]
[Round "1"]
[White "Seger"]
[Black "Roma753"]
[WhiteElo "2530"]
[BlackElo "2430"]
[Result "1-0"]
[Round "1"]
1.e4 e6
2.d4 d5
3.Nb1c3 Ng8f6
4.e5 Nf6d7
5.f4 c5
6.Ng1f3 Nb8c6
7.Bc1e3 Bf8e7
8.Qd1d2 O-O
9.dxc5 Nd7xc5
10.O-O-O b6
11.h4 Bc8b7
12.Qd2e1 a6
13.f5 Qd8c7
14.Qe1g3  { time }
1-0

[Event "Match"]
[Site "www.echecsemail.com"]
[Date "2024.07.24"]
[Round "1"]
[White "Nightrider"]
[Black "Whitekknight"]
[WhiteElo "1660"]
[BlackElo "1830"]
[Result "1-0"]
[Round "1"]
1.e4 e5
2.Ng1f3 Nb8c6
3.Bf1b5 Ng8f6
4.O-O Bf8d6
5.Nb1c3 a6
6.Bb5a4 b5
7.Ba4b3 b4
8.Nc3e2 O-O
9.d3 Bd6c5
10.Bc1g5 h6
11.Bg5h4 Rf8e8
12.Bh4g3 d6
13.a3 a5
14.axb4  { time }
1-0

[Event "Jerome 1st tourney"]
[Site "www.echecsemail.com"]
[Date "2024.07.24"]
[Round "1"]
[White "George1955"]
[Black "Asoka"]
[WhiteElo "2680"]
[BlackElo "2610"]
[Result "1/2-1/2"]
[Round "1"]
1.e4 c5
2.Ng1f3 e6
3.d4 cxd4
4.Nf3xd4 Nb8c6
5.Nb1c3 Qd8c7
6.Bc1e3 a6
7.Qd1d2 Ng8f6
8.O-O-O Bf8e7
9.f3 b5
10.g4 Nc6xd4
11.Be3xd4 Bc8b7
12.Kb1 O-O
13.g5 Nf6h5
14.Nc3e2 f5
15.gxf6 Be7xf6
16.Bd4xf6 Nh5xf6
17.h4 Ra8e8
18.Bf1h3 Rf8f7
19.Qd2d4 Re8c8
20.Rd1d2 h6
21.b3 Kh7
22.Qd4d3 Kg8
23.Qd3d4 Bb7c6
24.Rh1g1 a5
25.a3 Qc7b8
26.Qd4e3 Qb8e5
27.Qe3d4 Qe5c7
28.Kb2 b4
29.axb4 axb4
30.Qd4xb4 Qc7h2
31.Bh3f1 Rc8a8
32.Qb4c5 Nf6h7
33.Bf1g2 Qh2xh4
34.Rd2d1 Nh7f8
35.f4 Nf8g6
36.f5 exf5
37.exf5 Qh4f6
38.Ne2c3 Ng6e5
39.Bg2d5 Bc6xd5
40.Rd1xd5 Ra8e8
41.Kb1 Qf6e7
42.Nc3b5 Qe7xc5
43.Rd5xc5 Re8e7
44.Nb5d4 Rf7f6

1/2-1/2

[Event "EURO CUP 2024"]
[Site "www.echecsemail.com"]
[Date "2024.07.24"]
[Round "1"]
[White "Asoka"]
[Black "George1955"]
[WhiteElo "2610"]
[BlackElo "2670"]
[Result "1/2-1/2"]
[Round "1"]
1.d4 d5
2.Nb1c3 Ng8f6
3.Bc1f4 c5
4.e4 Nf6xe4
5.Nc3xe4 dxe4
6.dxc5 Qd8xd1
7.Ra1xd1 Bc8d7
8.Bf4e3 e5
9.Bf1c4 f5
10.g3 Nb8c6
11.Ng1e2 O-O-O
12.h4 Bf8e7
13.a3 a5
14.Rd1d2 Rd8f8
15.O-O h6
16.b4 axb4
17.axb4 g5
18.Rf1d1 Bd7e8
19.b5 f4
20.bxc6 Be8xc6
21.gxf4 gxf4
22.Be3d4 exd4
23.Ne2xd4 Rf8d8
24.Nd4xc6 bxc6
25.Bc4e6 Kb8
26.Rd2xd8 Rh8xd8
27.Rd1xd8 Be7xd8
28.Kg2 Bd8e7
29.Be6f5 e3
30.fxe3 fxe3
31.Kf3 
1/2-1/2

[Event "Tourn. n10980"]
[Site "www.chess-mail.com"]
[Date "2024.07.24"]
[Round "1"]
[White "Asoka"]
[Black "Carlosvilah"]
[WhiteElo "2610"]
[BlackElo "2670"]
[Result "1/2-1/2"]
[Round "1"]
1.c4 e5
2.g3 Ng8f6
3.Bf1g2 d5
4.cxd5 Nf6xd5
5.Ng1f3 Nb8c6
6.O-O Nd5b6
7.Nb1c3 Bf8e7
8.a3 O-O
9.b4 Bc8e6
10.b5 Nc6d4
11.Ra1b1 f6
12.e3 Nd4xf3
13.Bg2xf3 Qd8c8
14.d4 Rf8d8
15.Rf1e1 Be6f7
16.a4 c6
17.a5 cxb5
18.axb6 Qc8xc3
19.Rb1xb5 Be7b4
20.Bf3xb7 Qc3xe1
21.Qd1xe1 Bb4xe1
22.Bb7xa8 Rd8xa8
23.bxa7 Ra8xa7
24.Rb5b8 Bf7e8
25.Rb8xe8 Kf7
26.Re8c8 Ra7a2
27.dxe5 Be1xf2
28.Kf1 fxe5
29.Rc8d8 Ra2a1
30.Kxf2 
1/2-1/2

[Event "Tourn. n10983"]
[Site "www.chess-mail.com"]
[Date "2024.07.24"]
[Round "1"]
[White "Viru"]
[Black "Orhany24"]
[WhiteElo "1830"]
[BlackElo "2000"]
[Result "0-1"]
[Round "1"]
1.e4 e5
2.d4 exd4
3.Qd1xd4 Nb8c6
4.Qd4a4 Ng8f6
5.c3 h6
6.f3 Bf8c5
7.Bf1b5 O-O
8.Bb5xc6 bxc6
9.Ng1e2 Bc8b7
10.b4 Bc5b6
11.Bc1a3 Rf8e8
12.Nb1d2 a5
13.b5 cxb5
14.Qa4xb5 Bb7a6
15.Qb5f5 d5
16.O-O-O Ba6xe2
17.Rd1e1 Be2d3
18.h4 dxe4
19.fxe4 Qd8d7
20.Qf5f3 Re8e5
21.Rh1h3 Ra8d8
22.g4 Qd7a4

0-1

[Event "Match"]
[Site "www.echecsemail.com"]
[Date "2024.07.24"]
[Round "1"]
[White "Gvladutz"]
[Black "Greywolf60"]
[WhiteElo "2320"]
[BlackElo "2330"]
[Result "1-0"]
[Round "1"]
1.d4 Ng8f6
2.c4 e6
3.Ng1f3 Bf8b4
4.Nb1d2 Nb8c6
5.a3 Bb4e7
6.e3 d6
7.b4 Nc6b8
8.Bf1d3 O-O
9.O-O Nb8d7
10.Bc1b2 b6
11.b5 Bc8b7
12.Qd1c2 c5
13.bxc6 Bb7xc6
14.e4 Kh8
15.e5 dxe5
16.dxe5 Nf6g4
17.Bd3xh7 Nd7c5
18.Bh7e4 Bc6a4
19.Qc2c3 Ra8c8
20.Ra1e1 Kg8
21.Be4b1 Qd8d7
22.Nf3d4 f6
23.f4 f5
24.Qc3h3 Ba4c6
25.Bb2a1 Rc8d8
26.Re1e2 Ng4h6
27.Re2e3 Nh6g4
28.Re3g3 Nc5b7
29.Rg3xg4 Nb7c5
30.Nd4xc6 Qd7xc6
31.Qh3h6 Rf8f7
32.Bb1xf5 exf5
33.Qh6xc6 fxg4
34.f5 Rd8xd2
35.Qc6e8 Be7f8
36.e6 Rf7e7
37.f6 gxf6
38.Qe8g6 Bf8g7
39.Ba1xf6 Nc5xe6
40.Bf6xe7 Rd2e2
41.Be7f6 g3
42.Bf6c3 Re2e3
43.Rf1f5 Re3xc3
44.Qg6f7 Kh8
45.Rf5h5 Bg7h6
46.Rh5xh6 
1-0

[Event "Match"]
[Site "www.echecsemail.com"]
[Date "2024.07.24"]
[Round "1"]
[White "Virgil08bv"]
[Black "Stephan47"]
[WhiteElo "2520"]
[BlackElo "2650"]
[Result "1/2-1/2"]
[Round "1"]
1.c4 Ng8f6
2.g3 e5
3.Bf1g2 c6
4.d4 e4
5.d5 Bf8b4
6.Bc1d2 Qd8e7
7.Nb1c3 cxd5
8.cxd5 O-O
9.e3 a5
10.a3 Bb4xc3
11.Bd2xc3 d6
12.Ng1e2 Nb8d7
13.O-O Nd7e5
14.h3 Bc8d7
15.Bc3xe5 Qe7xe5
16.Ne2c3 b5
17.Qd1d2 b4
18.axb4 axb4
19.Nc3e2 Bd7b5
20.Rf1c1 Bb5xe2
21.Qd2xe2 Ra8xa1
22.Rc1xa1 b3
23.Ra1a4 g6
24.Ra4b4 Rf8a8
25.Rb4xb3 Ra8a1
26.Kh2 Qe5xd5
27.Rb3b4 Kg7
28.Qe2c2 Ra1d1
29.Bg2xe4 Rd1d2
30.Qc2c3 Rd2xf2
31.Kg1 Qd5d2
32.Qc3xd2 Rf2xd2

1/2-1/2

[Event "Match"]
[Site "www.echecsemail.com"]
[Date "2024.07.25"]
[Round "1"]
[White "Tonino1"]
[Black "Paco"]
[WhiteElo "2070"]
[BlackElo "1780"]
[Result "1-0"]
[Round "1"]
1.d4 d5
2.e4 dxe4
3.Nb1c3 Ng8f6
4.f3 e5
5.dxe5 Nf6h5
6.Qd1xd8 Kxd8
7.g4 exf3
8.gxh5 Bc8g4
9.Bc1g5 Bf8e7
10.O-O-O Nb8d7
11.Bg5xe7 Kxe7
12.Bf1d3 Nd7xe5
13.Rd1e1 f6
14.h3 f2
15.Re1xe5 fxe5
16.Ng1e2 Bg4xh5
17.Rh1f1 Ra8f8
18.Ne2g3 Bh5e8
19.Nc3e4 Rf8f3
20.Rf1xf2 Rf3xf2
21.Ne4xf2 Rh8f8
22.Ng3e4 h6
23.Kd2 g5
24.Ke3 Ke6
25.Ne4c5 Kf6
26.Nf2g4 Kg7
27.Nc5e6 Kf7
28.Ne6xf8 Kxf8
29.Ng4xh6 Kg7
30.Nh6g4 c6
31.Ng4xe5 Kh6
32.Kf3 a6
33.Ne5g4 Kh5
34.Ng4f6 Kh4
35.Nf6xe8 Kxh3
36.Bd3f5 Kh4
37.Bf5g4 b5
38.Ne8c7 a5
39.Bg4d7 c5
40.Nc7xb5 c4
41.Nb5a3 
1-0

[Event "Tourn. n10886"]
[Site "www.chess-mail.com"]
[Date "2024.07.25"]
[Round "1"]
[White "Jajka68"]
[Black "Dougbeer"]
[WhiteElo "2650"]
[BlackElo "2640"]
[Result "1/2-1/2"]
[Round "1"]
1.d4 d5
2.c4 e6
3.Nb1c3 c5
4.cxd5 exd5
5.Ng1f3 Nb8c6
6.g3 Ng8f6
7.Bf1g2 cxd4
8.Nf3xd4 Bf8c5
9.Nd4b3 Bc5b6
10.O-O d4
11.Nc3a4 O-O
12.Bc1g5 Rf8e8
13.Na4xb6 axb6
14.Rf1e1 h6
15.Bg5xf6 Qd8xf6
16.Bg2xc6 bxc6
17.Qd1xd4 Qf6d8
18.Qd4c3 c5
19.Ra1d1 Qd8e7
20.Nb3c1 Ra8a4
21.a3 Qe7e6
22.Qc3b3 Qe6xb3
23.Nc1xb3 Bc8e6
24.Nb3d2 b5
25.f3 b4
26.Rd1c1 Re8c8
27.axb4 Ra4xb4
28.Rc1c2 Be6f5
29.e4 Bf5e6
30.Kf2 Rc8b8
31.b3 Be6xb3
32.Rc2xc5 Bb3e6
33.Re1c1 g6
34.Rc1c2 h5
35.h4 Kf8
36.Rc5c3 Rb8a8
37.Ke3 Ra8a5
38.Rc2c1 Ra5a2
39.Rc1b1 Rb4b2
40.Rb1xb2 Ra2xb2
41.Rc3c1 Rb2a2
42.Nd2b1 Ra2a1
43.Kd2 Be6h3
44.Rc1d1 Bh3e6
45.Nb1c3 Ra1a3
46.Kd3 Ke7
47.Kd4 Kf8
48.Rd1d3 Ra3a1
49.Ke5 Kg7
50.Nc3d5 Ra1a7
51.Rd3c3 Ra7a5
52.Kd6 Ra5a6
53.Ke7 Ra6a7
54.Kd6 Ra7a6
55.Ke7 Ra6a7
56.Nd5c7 Be6h3
57.Kd6 Bh3f1
58.Nc7e8 Kf8
59.Ne8c7 Kg7
60.Rc3b3 Kh6
61.Rb3b4 Ra7a3
62.f4 Bf1h3
63.Rb4b8 Kh7
64.Nc7e8 Ra3a7
65.e5 Bh3e6
66.Ne8c7 Be6h3
67.Rb8f8 Kg7
68.Rf8a8 Ra7b7
69.Nc7e8 Kh6
70.Kc6 
1/2-1/2

[Event "Tourn. n10982"]
[Site "www.chess-mail.com"]
[Date "2024.07.25"]
[Round "1"]
[White "Viru"]
[Black "Gobelijn"]
[WhiteElo "1830"]
[BlackElo "1870"]
[Result "1-0"]
[Round "1"]
1.e4 c5
2.d4 cxd4
3.Qd1xd4 Nb8c6
4.Qd4a4 Ng8f6
5.c3 e5
6.Bf1b5 a6
7.Bb5xc6 dxc6
8.Bc1g5 Bf8e7
9.Nb1d2 b5
10.Qa4c2 h6
11.Bg5h4 O-O
12.h3 Bc8e6
13.Ng1f3 Be7d6
14.O-O-O g5
15.Bh4g3 Nf6d7
16.Nd2b3 Qd8c7
17.Qc2d2 Bd6e7
18.Nf3d4 Be6xb3
19.axb3 g4
20.Nd4f5 Be7g5
21.Nf5xh6 
1-0

[Event "1st Vladutzs Tournament"]
[Site "www.echecsemail.com"]
[Date "2024.07.25"]
[Round "1"]
[White "Romaamor69"]
[Black "Gandalf50"]
[WhiteElo "2339"]
[BlackElo "2720"]
[Result "0-1"]
[Round "1"]
1.d4 Ng8f6
2.c4 e6
3.g3 Bf8b4
4.Bc1d2 Bb4e7
5.Bf1g2 d5
6.Ng1f3 Nb8d7
7.O-O O-O
8.Qd1c2 c6
9.b3 b6
10.Rf1d1 h6
11.Bd2c3 Bc8b7
12.Nb1d2 Ra8c8
13.e4 Qd8c7
14.e5 Nf6h7
15.Nd2f1 c5
16.Nf1e3 Nh7g5
17.Nf3xg5 Be7xg5
18.f4 Bg5e7
19.Qc2e2 cxd4
20.Bc3xd4 dxc4
21.Ne3xc4 Bb7xg2
22.Kxg2 Rf8d8
23.Ra1c1 Qc7b8
24.Kh3 Nd7f8
25.Bd4b2 a6
26.Rd1xd8 Rc8xd8
27.a4 b5
28.axb5 axb5
29.Nc4a5 Rd8d5
30.Na5c6 Qb8e8
31.Nc6xe7 Qe8xe7
32.Rc1c3 Nf8g6
33.Bb2c1 Qe7d7
34.Bc1a3 Rd5d2
35.Qe2e3 Rd2a2
36.Ba3d6 b4
37.Rc3c4 f5
38.Qe3f3 Qd7a7
39.Bd6c5 Qa7a3
40.Bc5g1 Ng6e7
41.Rc4c7 Ne7d5
42.Rc7a7 Qa3b2
43.Ra7xa2 Qb2xa2
44.g4 fxg4
45.Kxg4 Nd5c3
46.Bg1c5 Qa2xb3
47.Qf3d3 Qb3d5
48.Qd3xd5 Nc3xd5
49.Bc5d4 Nd5e7
50.Kf3 Kh7
51.Ke4 b3
52.Kd3 Kg6
 { time }
0-1

[Event "KOCM Bishop"]
[Site "www.chess-mail.com"]
[Date "2024.07.25"]
[Round "1"]
[White "Hennie4820"]
[Black "Claudiaz"]
[WhiteElo "1850"]
[BlackElo "2040"]
[Result "0-1"]
[Round "1"]
1.e4 c5
2.Ng1f3 d6
3.d4 cxd4
4.Nf3xd4 Ng8f6
5.Nb1c3 e6
6.Bf1e2 a6
7.O-O Bf8e7
8.Bc1e3 O-O
9.Qd1d2 Qd8c7
10.Ra1c1 b5
11.a3 Bc8b7
12.f3 Nb8c6
13.f4 Nc6xd4
14.Qd2xd4 Rf8d8
15.Be2f3 Ra8c8
16.Nc3e2 d5
17.e5 Nf6d7
18.c3 Nd7c5
19.Qd4d1 Nc5e4
20.Qd1e1 Be7c5
21.Be3d4 a5
22.Bf3xe4 dxe4
23.Bd4xc5 Qc7xc5
24.Kh1 Qc5b6
25.Ne2d4 b4
26.axb4 axb4
27.Nd4e2 bxc3
28.Ne2xc3 Qb6xb2
29.Rf1f2 Qb2a3
30.Rf2a2 Qa3b3
31.Ra2c2 Rd8d3
32.h3 h6
33.Kh2 g6
34.Kh1 Kg7
35.Kh2 Rc8c4
36.g3 Bb7c6
37.Kg1 Bc6a4

0-1

[Event "Match"]
[Site "www.echecsemail.com"]
[Date "2024.07.25"]
[Round "1"]
[White "Dussek"]
[Black "Mayhemus"]
[WhiteElo "1680"]
[BlackElo "1910"]
[Result "0-1"]
[Round "1"]
1.d4 d6
2.c4 Nb8d7
3.Nb1c3 e5
4.Ng1f3 c6
5.e4 Bf8e7
6.Bf1e2 h6
7.O-O Qd8c7
8.Bc1e3 Nd7f8
9.Qd1d2 Nf8g6
10.b4 Ng8f6
11.Ra1c1 Bc8d7
12.d5 Qc7c8
13.a4 Bd7g4
14.b5 c5
15.a5 O-O
16.b6 a6
17.h3 Bg4xh3
18.Nf3h2 Ng6h4
19.gxh3 Qc8xh3
20.Be2f3 Nf6g4
21.Nh2xg4 Nh4xf3

0-1

[Event "Tourn. n10982"]
[Site "www.chess-mail.com"]
[Date "2024.07.26"]
[Round "1"]
[White "Breton"]
[Black "Osopanda"]
[WhiteElo "1770"]
[BlackElo "1830"]
[Result "0-1"]
[Round "1"]
1.d4 Ng8f6
2.Nb1c3 g6
3.Ng1f3 d6
4.Bc1g5 Bf8g7
5.e3 O-O
6.Bf1e2 Nb8d7
7.O-O c6
 { time }
0-1

[Event "Tourn. n10981"]
[Site "www.chess-mail.com"]
[Date "2024.07.26"]
[Round "1"]
[White "Osopanda"]
[Black "Viru"]
[WhiteElo "1850"]
[BlackElo "1750"]
[Result "1-0"]
[Round "1"]
1.e4 d5
2.exd5 Qd8xd5
3.Nb1c3 Qd5a5
4.d4 c6
5.Bf1c4 e6
6.Ng1f3 b5
7.Bc4b3 b4
8.Nc3e4 Bc8a6
9.Bc1d2 Ng8f6
10.Ne4xf6 gxf6
11.c3 bxc3
12.bxc3 Nb8d7
13.c4 Qa5c7
14.O-O O-O-O
15.Ra1c1 Bf8a3
16.Rc1c2 c5
17.d5 exd5
18.cxd5 Ba6xf1
19.Kxf1 Nd7b6
20.Nf3d4 Qc7xh2
21.Qd1g4 Nb6d7
22.Nd4b5 Rh8g8
23.Qg4h3 Qh2e5
24.Nb5xa3 Rg8e8
25.Na3c4 Qe5e2
26.Kg1 Qe2d1
27.Kh2 Kc7
28.Bd2a5 Nd7b6
29.Nc4xb6 axb6
30.Rc2xc5 Kd6
31.Rc5c6 Ke7
32.Ba5b4 Rd8d6
33.Bb4xd6 Kd8
34.Rc6c8 
1-0

[Event "Tourn. n10981"]
[Site "www.chess-mail.com"]
[Date "2024.07.26"]
[Round "1"]
[White "Hundegana"]
[Black "Picifarkinca"]
[WhiteElo "1660"]
[BlackElo "1660"]
[Result "0-1"]
[Round "1"]
1.c4 Ng8f6
2.Nb1c3 e6
3.g3 c5
4.Bf1g2 Nb8c6
5.a3 d5
6.cxd5 exd5
7.e3 Bf8e7
8.Ng1f3 O-O
9.O-O Bc8f5
10.Nf3h4 Bf5d3
11.Rf1e1 Nf6e4
12.Nc3xe4 dxe4
13.Bg2f1 Be7xh4
14.gxh4 Nc6e5
15.Bf1g2 Qd8xh4
16.Kh1 Ne5g4
17.Qd1xg4 Qh4xg4
18.h3 Qg4f5
19.f4 exf3
20.e4 fxg2
21.Kxg2 Bd3xe4
22.Re1xe4 Qf5xe4
23.Kh2 f5
24.b4 Qe4e5
25.Kg2 Qe5xa1
26.bxc5 Qa1xc1
27.d4 f4
28.a4 f3
29.Kf2 Ra8e8
30.d5 Re8e2
31.Kg3 Qc1g5

0-1

[Event "Match"]
[Site "www.echecsemail.com"]
[Date "2024.07.26"]
[Round "1"]
[White "Seger"]
[Black "Stratos"]
[WhiteElo "2500"]
[BlackElo "2430"]
[Result "1/2-1/2"]
[Round "1"]
1.d4 d5
2.c4 e6
3.e3 Ng8f6
4.Ng1f3 b6
5.Bf1d3 Bc8b7
6.O-O Bf8d6
7.b3 O-O
8.Bc1b2 Nb8d7
9.Nb1d2 Nf6e4
10.Ra1c1 Ra8c8
11.cxd5 exd5
12.Nf3e5 Qd8e7
13.f4 Nd7f6
14.Nd2f3 c5
15.Qd1e2 Rc8c7
16.dxc5 Ne4xc5
17.Nf3d4 Nc5xd3
18.Nd4f5 Qe7e6
19.Qe2xd3 Nf6e4
20.Nf5xd6 Qe6xd6
21.Rc1xc7 Qd6xc7
22.Rf1c1 Qc7d6
23.Qd3c2 Qd6e6
24.Qc2c7 Ne4c5
25.b4 Rf8c8
26.Qc7xf7 Qe6xf7
27.Ne5xf7 Kxf7
28.bxc5 Rc8xc5
29.Rc1xc5 bxc5

1/2-1/2

[Event "Match"]
[Site "www.echecsemail.com"]
[Date "2024.07.26"]
[Round "1"]
[White "Grob"]
[Black "Seger"]
[WhiteElo "1799"]
[BlackElo "2500"]
[Result "1/2-1/2"]
[Round "1"]
1.g4 e5
2.Bf1g2 Nb8c6
3.c4 h5
4.gxh5 Qd8h4
5.d3 b6
6.Nb1c3 Bc8b7
7.Ng1f3 Qh4xh5
8.h4 O-O-O
9.a3 Kb8
10.e4 Bf8e7
11.Nf3g5 Qh5xd1
12.Kxd1 Rd8f8
13.Ng5f3 f5
14.b4 Rh8h5
15.Bc1e3 Ng8f6
16.Ke2 fxe4
17.Nc3xe4 Nf6xe4
18.dxe4 Nc6d8
19.Nf3d2 
1/2-1/2

[Event "Match"]
[Site "www.echecsemail.com"]
[Date "2024.07.26"]
[Round "1"]
[White "Ketchuplover"]
[Black "Breton"]
[WhiteElo "1790"]
[BlackElo "1850"]
[Result "1-0"]
[Round "1"]
1.Ng1f3 d5
2.g3 c5
3.Bf1g2 Nb8c6
4.d4 cxd4
5.Nf3xd4 e5
6.Nd4xc6 bxc6
7.c4 Ng8f6
8.cxd5 cxd5
9.Nb1c3 Bc8b7
10.Qd1a4 Qd8d7
11.Qa4xd7 Kxd7
12.e3 Bf8b4
13.Bc1d2 Ra8c8
14.O-O Rh8d8
15.Ra1c1 Rc8c7
16.a3 Bb4a5
17.b4 Ba5b6
18.Nc3b5 Rc7xc1
19.Rf1xc1 a6
20.Nb5c3 Rd8c8
21.Nc3a4 Rc8xc1
22.Bd2xc1 Bb6a7
23.Bc1b2 e4
24.Bg2h3 Ke7
25.Na4c5 Ba7xc5
26.bxc5 g5
27.Bh3f5 h5
28.Bb2xf6 Kxf6
29.Bf5d7 Ke7
30.c6 Bb7a8
31.Bd7c8 Kd6
32.Bc8xa6 Kxc6
33.a4 Kb6
34.Ba6e2 Ba8c6
35.Be2xh5 f6
36.Bh5d1 Ka5
37.h4 Bc6e8
38.h5 f5
39.h6 Be8g6
40.Bd1h5 Bg6h7
41.Bh5e8 Kb4
42.Kf1 Ka5
43.Be8c6  { time }
1-0